000 00491nam a2200193 i 4500
001 80598
003 ES-MaACL
005 20260616130211.0
007 t|
008 041028s1972 sp ||||1| spa d
100 0 _aHomero
_964112
245 1 0 _aOdisea /
_cHomero.
260 _aBarcelona :
_bVosgos,
_c1972.
300 _a89 p. ;
_c19 cm.
490 1 _aCompendios Vosgos ;
_v5
830 0 _aCompendios Vosgos ;
_v5
_9183669
852 _aES-MaACL
_jC-49125
_bR.83107
999 _c80598
_d80598